एक विशिष्ट व्यक्तित्व : (Record no. 121018)

MARC details
000 -LEADER
fixed length control field 01620nam a22002777a 4500
005 - DATE AND TIME OF LATEST TRANSACTION
control field 20170124103206.0
010 ## - LIBRARY OF CONGRESS CONTROL NUMBER
LC control number B-175858
020 ## - INTERNATIONAL STANDARD BOOK NUMBER
Terms of availability 180.00
International Standard Book Number 818842529
035 ## - SYSTEM CONTROL NUMBER
System control number B-175858
037 ## - SOURCE OF ACQUISITION
Source of stock number/acquisition Cen Lib/Ret
040 ## - CATALOGING SOURCE
Original cataloging agency DPL
Language of cataloging HN
082 ## - DEWEY DECIMAL CLASSIFICATION NUMBER
Classification number 921
Item number बीरबी
100 ## - MAIN ENTRY--PERSONAL NAME
Personal name बीर, बी.एस.
9 (RLIN) 42260
245 ## - TITLE STATEMENT
Title एक विशिष्ट व्यक्तित्व :
Statement of responsibility, etc बी.एस बीर, सुरिन्दर बीर सिंह सेठी [और] राविन्द्र सिंह सोढ़ी
Remainder of title प्रधानमंत्री डॉ मनमोहन सिंह /
246 ## - VARYING FORM OF TITLE
Title proper/short title Ek vishisht vyaktitva : pradhanmantri Dr. Manmohan Singh /
Remainder of title by B.S. Beer, Surindra Beer Singh Sethi [aur] Ravindra Singh Sodhi
260 ## - PUBLICATION, DISTRIBUTION, ETC. (IMPRINT)
Place of publication, distribution, etc दिल्ली
Name of publisher, distributor, etc भारतीश्री प्रकाशन
Date of publication, distribution, etc 2005
270 ## - ADDRESS
City दिल्ली
Address 598-बी, पांडव रोड, विश्वास नगर, शाहदरा
Postal code 110032
300 ## - PHYSICAL DESCRIPTION
Extent 143पृ.
Dimensions 21सेमी (सजिल्द)
650 ## - SUBJECT ADDED ENTRY--TOPICAL TERM
Topical term or geographic name as entry element प्रधानमंत्री -- भारत - जीवनी।
9 (RLIN) 93958
650 ## - SUBJECT ADDED ENTRY--TOPICAL TERM
Topical term or geographic name as entry element डॉ. मनमोहन सिंह -- भारत -- जीवनी
9 (RLIN) 93959
650 ## - SUBJECT ADDED ENTRY--TOPICAL TERM
Topical term or geographic name as entry element Prime Minister -- India -- Biography.
9 (RLIN) 93960
650 ## - SUBJECT ADDED ENTRY--TOPICAL TERM
Topical term or geographic name as entry element Dr. Manmohan Singh -- India -- Biography.
9 (RLIN) 93961
700 ## - ADDED ENTRY--PERSONAL NAME
Personal name सेठी, सुरिन्दर बीर सिंह
9 (RLIN) 93962
700 ## - ADDED ENTRY--PERSONAL NAME
Personal name सोढ़ी, राविन्द्र सिंह
9 (RLIN) 46054
942 ## - ADDED ENTRY ELEMENTS (KOHA)
Source of classification or shelving scheme Dewey Decimal Classification
Koha item type Hindi Books
Classification part 921
Call number suffix बीरबी
Holdings
Withdrawn status Lost status Damaged status Not for loan Home library Current library Date acquired Source of acquisition Cost, normal purchase price Total Checkouts Full call number Barcode Date last seen Date checked out Copy number Cost, replacement price Price effective from Koha item type
        Central Library Central Library 30/09/2015 Cen Lib/Ret 180.00 3 921 बीरबी B-175858 29/04/2017 17/04/2017 1 180.00 30/09/2015 Hindi Books

© Delhi Public Library
Hit Counter
free hit counter